متخير الألفاظ / (رقم التسجيلة. 29725)

تفاصيل مارك
000 -LEADER
fixed length control field 00603nam a22001817a 4500
005 - DATE AND TIME OF LATEST TRANSACTION
control field 20251108165520.0
008 - FIXED-LENGTH DATA ELEMENTS--GENERAL INFORMATION
fixed length control field 250721s1970 xx 000 0 ara d
082 14 - DEWEY DECIMAL CLASSIFICATION NUMBER
Classification number م/413/ز
100 1# - MAIN ENTRY--PERSONAL NAME
Personal name إبن زكريا، أبو الحسين أحمد بن فارس
245 10 - TITLE STATEMENT
Title متخير الألفاظ /
264 1# - PRODUCTION, PUBLICATION, DISTRIBUTION, MANUFACTURE, AND COPYRIGHT NOTICE
Place of production, publication, distribution, manufacture الرباط :
Name of producer, publisher, distributor, manufacturer المكتب الدائم لتنسيق التعريب في الوطن العربي،
Date of production, publication, distribution, manufacture, or copyright notice 1970.
300 ## - PHYSICAL DESCRIPTION
Extent 173ص
650 17 - SUBJECT ADDED ENTRY--TOPICAL TERM
Topical term or geographic name as entry element اللغة العربية
650 17 - SUBJECT ADDED ENTRY--TOPICAL TERM
Topical term or geographic name as entry element القواميس
700 1# - ADDED ENTRY--PERSONAL NAME
Personal name ناجي، هلال
Relator term تحقيق
942 ## - ADDED ENTRY ELEMENTS (KOHA)
Source of classification or shelving scheme Dewey Decimal Classification
Koha item type مراجع
المقتنيات
حالة السحب حالة الفقدان مصدر التصنيف حالة التلف غير قابل للإعارة المكتبة الرئيسية المكتبة الحالية موقع الرف تاريخ التزويد الرقم المتسلسل Total Checkouts رقم الإستدعاء الباركود تاريخ آخر ظهور تاريخ الفاتورة نوع المادة (كوها)
    Dewey Decimal Classification   Not For Loan المكتبة المركزية المكتبة المركزية مراجع 06/07/2004 35233   م/413/ز 35233 28/07/2025 06/07/2004 مراجع
    Dewey Decimal Classification   Not For Loan مكتبة صويلح العامة مكتبة صويلح العامة مراجع 05/10/2019 02155   م/413/ز PLD00470433 28/07/2025 05/10/2019 مراجع
Implemented & Customized by: BBB with SCIT (Smart Chains for Information Technology)

Powered by Koha